00000000nam 2200000za 4500
0019.605355
003CaOODSP
00520210624212054
007cr |||||||||||
008150406|1938||||xxc|||||o    f|0| 0 fre d
040 |aCaOODSP|bfre
043 |an-cn---
0861 |aA63-1/1-1938F-PDF
1001 |aPepper, Laura C.
24510|aDesserts au lait |h[ressource électronique] / |cpar Laura C. Pepper.
260 |aOttawa : |bDominion du Canada, Ministère de l'agriculture, |c1938.
300 |a23 p.
4901 |aBulletin de la ménagère ; |vN° 1
500 |a« Publication Nº 486, publié en juin 1938, Réimpression »
500 |aSur la couv. : Division de l'industrie laitière et de la réfrigération.
500 |aPublication historique numérisée par Agriculture et Agroalimentaire Canada.
500 |aPublié aussi en anglais sous le titre : Milk desserts.
590 |a13-17-Supp|b2013-07-25
69107|aArt culinaire|2gcpds
69107|aProduit laitier|2gcpds
69107|aÉconomie domestique|2gcpds
69107|aAlimentation|2gcpds
7101 |aCanada. |bMinistère de l'agriculture.
77508|tMilk desserts |w(CaOODSP)9.577007
830#0|aBulletin de la ménagère (Canada. Ministère de l'agriculture)|vN° 1|w(CaOODSP)9.503818
85640|ahttp://publications.gc.ca|qPDF|s8.63 Mo|uhttps://publications.gc.ca/collections/collection_2013/aac-aafc/agrhist/A63-1-1-1938-fra.pdf|yN° 1
986 |aPublication n° 486